| 000 | 00492nam a2200193 a 4500 | ||
|---|---|---|---|
| 001 | 1777027203879 | ||
| 003 | YourLibrary | ||
| 005 | 20260424161209.0 | ||
| 008 | 260424s2005##################000#0#eng## | ||
| 020 | _a9781841134901 | ||
| 082 | 0 | 4 | _a344.032094SPA |
| 100 | 1 |
_aDougan, Michael, _eauthor. |
|
| 245 | 1 | 0 | _aSocial Welfare and EU Law : |
| 260 |
_bHart Publishing, _c2005. |
||
| 300 | _a300 pages | ||
| 650 | 0 | _aLaw. | |
| 942 | _cENGLISH | ||
| 040 |
_aYourLibrary _beng _cYourLibrary |
||
| 999 |
_c619890 _d619890 |
||